| 000 | 00600nam a22001937a 4500 | ||
|---|---|---|---|
| 003 | 0 | ||
| 005 | 20240923113441.0 | ||
| 008 | 240923b xxu||||| |||| 00| 0 eng d | ||
| 020 | _a978-1-63987-681-5 | ||
| 050 |
_aQD 453.3 _b.Sc34 2023 |
||
| 100 | _aSchultz, Benjamin | ||
| 245 |
_aIntroduction to physical chemistry _cSchultz, Benjamin |
||
| 260 |
_aNew York _bMurphy & moore publishing _cC2023 |
||
| 300 |
_avi, 237p.: _bill. ; col.: _c26cm. |
||
| 500 | _aChemistry, physical and theoretical. | ||
| 500 | _aChemistry. | ||
| 650 | _aIncludes bibliographical references & index. | ||
| 942 |
_2lcc _cBK |
||
| 999 |
_c366333 _d366333 |
||